| 000 | 00546nam a2200157 4500 | ||
|---|---|---|---|
| 001 | 118335 | ||
| 003 | ES-MaACL | ||
| 005 | 20230906191057.0 | ||
| 007 | t| | ||
| 008 | 070214s1968 sp r ||||1| spa d | ||
| 100 | 1 |
_aPardo Gayoso, Juan Manuel. _989003 |
|
| 245 | 1 | 0 |
_aPregón de la Romería de la Stma. Virgen de la Cabeza pronunciado... en...Andujar el día XXI de abril, año MCMLXVIII / _cJuan Manuel Pardo Gayoso. |
| 260 |
_aJaen : _b[s. n.], _c1968 ( _fGráf. Nova) |
||
| 300 |
_a44 p. ; _c24 cm. |
||
| 852 |
_aES-MaACL _j2065-F-10 _bR.66385 |
||
| 999 |
_c118335 _d118335 |
||